000 00410pab a2200169 454500
008 180718b2012 xxu||||| |||| 00| 0 eng d
100 _aDhaka, M.S.
245 _aCan academic institutions help the defence services?
260 _c2012
300 _ap.20-22.
362 _a2 July
650 _aDefence
650 _aEducational institutions
773 _aUniversity News
908 _aN
909 _a96737
999 _c96737
_d96737